| 000 | 00448nam a22001697a 4500 | ||
|---|---|---|---|
| 005 | 20230609173753.0 | ||
| 008 | 230609b |||||||| |||| 00| 0 eng d | ||
| 020 | _a9780071232630 | ||
| 082 |
_a332.632042 _bPEN-F |
||
| 100 | _aPenman.Stephen H. | ||
| 245 | _aFinancially Styatement Analysis And Security Valuation | ||
| 260 |
_aIndia _bMc Graw Hill _c2004 |
||
| 300 | _a740 | ||
| 650 | _aManagement | ||
| 700 | _aStephen H.Penman | ||
| 999 |
_c18710 _d18710 |
||